| Tag |
First Indicator |
Second Indicator |
Subfields |
| LEADER |
00000cam a22000001i 4500 |
| 001 |
in00003592607 |
| 006 |
m |o d | |
| 007 |
cr |n||||||||| |
| 008 |
150810s2015 miu ob s001 0 eng d |
| 005 |
20250816205901.7 |
| 020 |
|
|
|a 0472121308 (electronic bk.)
|
| 020 |
|
|
|a 9780472121304 (electronic bk.)
|
| 020 |
|
|
|z 9780472072774 (hardcover : alk. paper)
|
| 020 |
|
|
|z 0472072773 (hardcover : alk. paper)
|
| 024 |
8 |
|
|a 40025168509
|
| 035 |
|
|
|a (NhCcYBP)ebr11090640
|
| 040 |
|
|
|a NhCcYBP
|c NhCcYBP
|d UtOrBLW
|
| 043 |
|
|
|a n-us---
|
| 050 |
|
4 |
|a JK2261
|b .C54 2015
|
| 082 |
0 |
4 |
|a 328.73/0769
|2 23
|
| 100 |
1 |
|
|a Clark, Jennifer Hayes.
|0 http://id.loc.gov/authorities/names/n2015035261
|
| 245 |
1 |
0 |
|a Minority parties in U.S. legislatures :
|b conditions of influence /
|c Jennifer Hayes Clark.
|
| 264 |
|
1 |
|a Ann Arbor :
|b University of Michigan Press,
|c [2015]
|
| 300 |
|
|
|a 1 online resource.
|
| 336 |
|
|
|a text
|b txt
|2 rdacontent
|
| 337 |
|
|
|a computer
|b c
|2 rdamedia
|
| 338 |
|
|
|a online resource
|b cr
|2 rdacarrier
|
| 490 |
1 |
|
|a Legislative politics and policy making
|
| 504 |
|
|
|a Includes bibliographical references and index.
|
| 588 |
|
|
|a Description based on print version record.
|
| 500 |
|
|
|a Electronic resource.
|
| 650 |
|
0 |
|a Political parties
|z United States.
|0 http://id.loc.gov/authorities/subjects/sh85104375
|
| 650 |
|
0 |
|a Third parties (United States politics)
|0 http://id.loc.gov/authorities/subjects/sh85134900
|
| 610 |
1 |
0 |
|a United States.
|b Congress.
|0 http://id.loc.gov/authorities/subjects/sh85140748
|
| 650 |
|
0 |
|a Opposition (Political science)
|z United States.
|
| 650 |
|
0 |
|a Political participation
|z United States.
|0 http://id.loc.gov/authorities/subjects/sh2008109399
|
| 651 |
|
0 |
|a United States
|x Politics and government.
|0 http://id.loc.gov/authorities/subjects/sh85140410
|
| 655 |
|
7 |
|a Electronic books.
|2 local
|
| 710 |
2 |
|
|a ebrary, Inc.
|0 http://id.loc.gov/authorities/names/no2007088509
|
| 776 |
1 |
8 |
|c Original
|z 9780472072774
|z 0472072773
|w (DLC) 2015011892
|
| 830 |
|
0 |
|a Legislative politics & policy making.
|0 http://id.loc.gov/authorities/names/no2012053465
|
| 856 |
4 |
1 |
|u https://ebookcentral.proquest.com/lib/tamucs/detail.action?docID=4003813
|y Connect to the full text of this electronic book
|t 0
|
| 955 |
|
|
|a YBP purchased approval e-records
|
| 980 |
|
|
|b 90.00
|g 1
|
| 987 |
|
|
|a ybp12548166
|
| 999 |
f |
f |
|s 4a4e5370-27cc-3192-aa7f-6fdc0e1566df
|i 288f81f0-0487-3d5a-9a9f-8a47532c5f0f
|t 0
|
| 952 |
f |
f |
|a Texas A&M University
|b College Station
|c Electronic Resources
|d Available Online
|t 0
|e JK2261 .C54 2015
|h Library of Congress classification
|
| 998 |
f |
f |
|a JK2261 .C54 2015
|t 0
|l Available Online
|